000 00363nam a22001457a 4500
008 170622b xxu||||| |||| 00| 0 eng d
020 _a9780143187493
050 _aPZ8.9
_b.R43 2011
100 _aDon, Raven's
245 _aThe Raven's/
_cDon Rearden
260 _aUSA:
_bPintall;
_c2013
300 _a279p.
650 _aChildren's literature
942 _2lcc
_cBK
999 _c50856
_d50856